000 00399nam a22001577a 4500
005 20231208082649.0
008 231208b |||||||| |||| 00| 0 eng d
020 _a978-969-23-1030-7
082 _a891.4
_bSHA
100 _aShah, Dil Awan
245 _aTohfa Tul Awan
260 _aIslamabad, Pakistan
_bAfkar ul Awan
300 _a146
650 _aLiterature/Other Literature/Urdu
999 _c34841
_d34841